| 000 | 005650000a22001930004500 | ||
|---|---|---|---|
| 001 | 004298 | ||
| 003 | MACL | ||
| 005 | 20150823162701.0 | ||
| 008 | 150823b xxu||||| |||| 00| 0 eng d | ||
| 040 |
_aMACL _cMACL |
||
| 041 | _aEnglish | ||
| 082 | _a610.54/JAG | ||
| 100 |
_aJaggi, O.P. _96193 |
||
| 245 |
_aMedicine in India Modern Period _cHistory of Science, Philosophy and Culture in Indian Civilization Volume IX Part 1 |
||
| 260 |
_aNew Delhi _c2004 _bOxford University Press |
||
| 350 | _a1250 | ||
| 650 |
_aMedical Science _97216 |
||
| 942 |
_k610.54 _cBK _2ddc |
||
| 999 |
_c16189 _d16189 |
||